UBT Library

The pediatric emergency medicine resource / (Record no. 47016)

000 -LEADER
fixed length control field 00951cam a22003134a 4500
001 - CONTROL NUMBER
control field 15025532
005 - DATE AND TIME OF LATEST TRANSACTION
control field 20180813042842.0
008 - FIXED-LENGTH DATA ELEMENTS--GENERAL INFORMATION
fixed length control field 070927s2007 mauac b 001 0 eng c
010 ## - LIBRARY OF CONGRESS CONTROL NUMBER
LC control number 2007530578
016 7# - NATIONAL BIBLIOGRAPHIC AGENCY CONTROL NUMBER
Record control number 101295577
Source DNLM
020 ## - INTERNATIONAL STANDARD BOOK NUMBER
International Standard Book Number 076374414X
020 ## - INTERNATIONAL STANDARD BOOK NUMBER
International Standard Book Number 9780763744144
035 ## - SYSTEM CONTROL NUMBER
System control number (OCoLC)ocm77553331
040 ## - CATALOGING SOURCE
Original cataloging agency NLM
Transcribing agency NLM
Modifying agency MKC
-- PIT
-- BAKER
-- DLC
041 ## - LANGUAGE CODE
Language code of text/sound track or separate title eng
042 ## - AUTHENTICATION CODE
Authentication code pcc
060 00 - NATIONAL LIBRARY OF MEDICINE CALL NUMBER
Classification number 2006 O-116
060 10 - NATIONAL LIBRARY OF MEDICINE CALL NUMBER
Classification number WS 205
Item number P3716 2007
080 ## - UNIVERSAL DECIMAL CLASSIFICATION NUMBER
Universal Decimal Classification number 618.920025
082 00 - DEWEY DECIMAL CLASSIFICATION NUMBER
Classification number 618.920025
Edition number 22
100 ## - Rafti
Rafti 8
101 ## - Shkurtesa
Shkurtesa PED
245 04 - TITLE STATEMENT
Title The pediatric emergency medicine resource /
Statement of responsibility, etc Marianne Gausche-Hill, Susan Fuchs, Loren Yamamoto, editors.
246 3# - VARYING FORM OF TITLE
Title proper/short title APLS
504 ## - BIBLIOGRAPHY, ETC. NOTE
Bibliography, etc Includes bibliographical references and index.
906 ## - LOCAL DATA ELEMENT F, LDF (RLIN)
a 7
b cbc
c pccadap
d 2
e ncip
f 20
g y-gencatlg
942 ## - ADDED ENTRY ELEMENTS (KOHA)
Source of classification or shelving scheme
Item type Books
Holdings
Withdrawn status Lost status Source of classification or shelving scheme Damaged status Not for loan Collection code Permanent location Current location Shelving location Date acquired Total Checkouts Full call number Barcode Date last seen Price effective from Koha item type
          Koleksioni i përgjithshem UBT - Lipjan UBT - Lipjan Koleksioni i përgjithshem 08/13/2018   618.920025 BEL 002-3010822 08/13/2018 08/13/2018 Books
UBT Library © 2015-2024. All rights reserved University Education for Business and Technology